| 000 | 00426nam a2200157Ia 4500 | ||
|---|---|---|---|
| 008 | 230312s9999||||xx |||||||||||||| ||und|| | ||
| 020 | _a0-07-282038-1 | ||
| 082 |
_a305.231 _bSAN-C |
||
| 100 | _aSantrock John , W. | ||
| 245 | 0 | _aChild Development | |
| 260 |
_bMcGraw Hill _aNew York _c2004 |
||
| 300 | _a603 | ||
| 546 | _aEng. | ||
| 650 |
_aManagement _vNature of child development , Socioemotional development |
||
| 942 | _cBK | ||
| 999 |
_c2434 _d2434 |
||